English 2000 /

Guardado en:
Autor Principal: Dylan, Eliot
Formato: Libro
Publicado: Buenos Aires : Plus Ultra, 1978
Materias:
Etiquetas: Agregar Etiqueta
Sin Etiquetas, Sea el primero en etiquetar este registro!
LEADER 00408nam a22001575a 4500
001 CEM.cems002182
005 20060216000000.0
008 130507s1978##################000#0#####d
003 CEMS
082 0 4 |a 428.64 
100 1 |a Dylan, Eliot 
245 1 0 |a English 2000 / 
260 |a Buenos Aires :  |b Plus Ultra,  |c 1978 
300 |a 167 p. 
653 |a Ingles 
859 |a CEMS  |b BIB. CEMS - 11 de abril  |h 428.64  |i D989/I  |p 6509.78  |t Ej.1